Dosahování úspor ve veřejném sektoru

Guardado en:
Detalles Bibliográficos
Autor principal: Ochrana, František
Otros Autores: Půček, Milan Jan
Formato: Libro
Lenguaje:checo
Publicado: Praha Univerzita Karlova. Nakladatelství Karolinum 2023
Edición:1. vydání
Materias:
Etiquetas: Agregar Etiqueta
Sin Etiquetas, Sea el primero en etiquetar este registro!

MARC

LEADER 00000nam a2200000 4500
001 0307402
005 20250414111907.3
020 |a 978-80-246-5761-5 
041 0 |a cze 
044 |a CZ 
245 1 0 |a Dosahování úspor ve veřejném sektoru  |c František Ochrana, Milan Jan Půček 
250 |a 1. vydání 
264 1 |a Praha  |b Univerzita Karlova. Nakladatelství Karolinum  |c 2023 
300 |a 156 s. 
610 2 0 |a sektor verejný 
610 2 0 |a správa verejná 
610 2 0 |a úspory 
610 2 0 |a riadenie rizík 
100 1 |a Ochrana, František 
700 1 |a Půček, Milan Jan